|
|
|
|
| LEADER |
01406nam a2200361 a 4500 |
| 001 |
EBC3004531 |
| 003 |
MiAaPQ |
| 005 |
20200520144314.0 |
| 006 |
m o d | |
| 007 |
cr cn||||||||| |
| 008 |
981130s1999 enk sb 001 0 eng |
| 010 |
|
|
|z 98053578
|
| 020 |
|
|
|z 052164125X
|
| 035 |
|
|
|a (MiAaPQ)EBC3004531
|
| 035 |
|
|
|a (Au-PeEL)EBL3004531
|
| 035 |
|
|
|a (CaPaEBR)ebr10014937
|
| 035 |
|
|
|a (OCoLC)923616562
|
| 040 |
|
|
|a MiAaPQ
|c MiAaPQ
|d MiAaPQ
|
| 050 |
|
4 |
|a HD8039.S852
|b M453 1999
|
| 100 |
1 |
|
|a Allen, Richard Blair.
|
| 245 |
1 |
0 |
|a Slaves, freedmen, and indentured laborers in colonial Mauritius
|h [electronic resource] /
|c Richard B. Allen.
|
| 260 |
|
|
|a Cambridge, UK ;
|a New York :
|b Cambridge University Press,
|c 1999.
|
| 300 |
|
|
|a xvii, 221 p.
|
| 490 |
1 |
|
|a African studies series ;
|v 99
|
| 504 |
|
|
|a Includes bibliographical references (p. 202-217) and index.
|
| 533 |
|
|
|a Electronic reproduction. Ann Arbor, MI : ProQuest, 2015. Available via World Wide Web. Access may be limited to ProQuest affiliated libraries.
|
| 650 |
|
0 |
|a Sugar workers
|z Mauritius
|x History.
|
| 650 |
|
0 |
|a Sugar trade
|z Mauritius
|x History.
|
| 650 |
|
0 |
|a Plantation life
|z Mauritius
|x History.
|
| 655 |
|
4 |
|a Electronic books.
|
| 710 |
2 |
|
|a ProQuest (Firm)
|
| 830 |
|
0 |
|a African studies series ;
|v 99.
|
| 856 |
4 |
0 |
|u https://ebookcentral.proquest.com/lib/matrademy/detail.action?docID=3004531
|z Click to View
|